000 00907nam a2200289Ia 4500
001 C5263
003 IT-RoPAU
008 130308s9999 xx 000 0 und d
040 _aIT-RoPAU
040 _cIT-RoPAU
041 _aFRANCESE
100 _aTrimaille Michel
100 _gCodice Aut. SPICS: 41391
245 _aRecit de la transfiguration comme recit interpretatif (Le): Marc 9,1-13
245 _bTemps de la Lecture (Le)-Exegese biblique et Semiotique
250 _a1a ed.
260 _aPARIS
260 _bCerf
260 _c1993 [1° Ed.:1993 - Ed.Ling.Originale:1993]
300 _a"10 p. (prefazione: no ; testo: 10 [pagine: 163-172])"
500 _aRacconto della Trasfigurazione Come Racconto interpretativo (Marco 9,1/13). Contesto e Lavoro D'Interpretazione.
650 _aSEMANTICA
650 _eCodice materia Spics: 3301
942 _cBK
957 _71
999 _c78595
_d78595
999 _g1